[Event "Obro Nytaar 2017"]
[Site "Copenhagen"]
[Date "2017.12.27"]
[Round "1.1"]
[White "Hector, Jonny"]
[Black "Le Besq, Alexander"]
[Result "1-0"]
[WhiteElo "2493"]
[BlackElo "2057"]
[PlyCount "95"]
[EventDate "2017.12.27"]
[EventType "swiss"]
[EventRounds "7"]
[EventCountry "DEN"]

1. e4 c5 2. Nc3 d6 3. Nf3 Nf6 4. d4 cxd4 5. Nxd4 g6 6. Bc4 Bg7 7. O-O O-O 8.
Re1 Nc6 9. Bb3 Nxd4 10. Qxd4 Ng4 11. Qd2 Be6 12. Qe2 Bd4 13. Nd1 Qa5 14. h3
Bxb3 15. cxb3 Ne5 16. Ne3 Nd3 17. Rd1 Nxc1 18. Raxc1 Bxe3 19. Qxe3 Rfc8 20. a3
Rc6 21. Rxc6 bxc6 22. Rc1 Rc8 23. b4 Qb6 24. Qc3 Qb5 25. Rc2 Rc7 26. f4 c5 27.
e5 c4 28. exd6 exd6 29. Qf6 Qf5 30. Qxf5 gxf5 31. Kf2 d5 32. Ke3 f6 33. Kd4 Rd7
34. a4 Kf7 35. Re2 Rd8 36. b5 Rd7 37. a5 Rd6 38. Kc5 Rd8 39. b6 axb6+ 40. axb6
Kf8 41. b7 d4 42. Kc6 d3 43. Re1 d2 44. Rd1 Ke7 45. Rxd2 Rxd2 46. b8=Q Rxg2 47.
Qd6+ Ke8 48. Qe6+ 1-0

[Event "Obro Nytaar 2017"]
[Site "Copenhagen"]
[Date "2017.12.27"]
[Round "1.2"]
[White "Ertbjerg, Andreas Lund"]
[Black "Antonsen, Mikkel"]
[Result "1/2-1/2"]
[WhiteElo "2019"]
[BlackElo "2450"]
[PlyCount "109"]
[EventDate "2017.12.27"]
[EventType "swiss"]
[EventRounds "7"]
[EventCountry "DEN"]

1. e4 e5 2. f4 d5 3. exd5 exf4 4. Nf3 Nf6 5. Bc4 Nxd5 6. Bxd5 Qxd5 7. Nc3 Qd8
8. d4 Bd6 9. Qe2+ Qe7 10. Qxe7+ Kxe7 11. Bxf4 Bxf4 12. Nd5+ Kd6 13. Nxf4 f6 14.
Kd2 Bg4 15. Rae1 Nc6 16. c3 Rae8 17. h3 Bxf3 18. gxf3 Nd8 19. Re4 f5 20. Ree1
Nf7 21. h4 c6 22. Nd3 b6 23. c4 c5 24. d5 g6 25. Rxe8 Rxe8 26. Re1 Rxe1 27.
Kxe1 Ke7 28. Kf2 Kf6 29. f4 h6 30. Ke3 g5 31. hxg5+ hxg5 32. fxg5+ Kxg5 33. b3
Kg4 34. Nf2+ Kg3 35. Nd3 Nd6 36. Nf4 Ne4 37. Ne6 Nf6 38. d6 Nd7 39. a3 Ne5 40.
Nf4 Kg4 41. Ne6 Nd7 42. Nf4 Kg5 43. Nd5 Ne5 44. Nf4 Kf6 45. Nd5+ Ke6 46. Kf4
Nd3+ 47. Kg5 Nc1 48. b4 cxb4 49. axb4 Kxd6 50. Nxb6 axb6 51. c5+ bxc5 52. bxc5+
Ke6 53. c6 Nd3 54. c7 Kd7 55. Kxf5 1/2-1/2

[Event "Obro Nytaar 2017"]
[Site "Copenhagen"]
[Date "2017.12.27"]
[Round "1.3"]
[White "Hansen, Mads"]
[Black "Stage Steffensen, Sander"]
[Result "1-0"]
[WhiteElo "2391"]
[BlackElo "2006"]
[PlyCount "87"]
[EventDate "2017.12.27"]
[EventType "swiss"]
[EventRounds "7"]
[EventCountry "DEN"]

1. e4 e5 2. Nf3 Nc6 3. Bb5 a6 4. Ba4 Be7 5. O-O Nf6 6. d3 b5 7. Bb3 O-O 8. Nc3
d6 9. a4 b4 10. Nd5 Na5 11. Ba2 Nxd5 12. exd5 Nb7 13. h3 Bf6 14. Be3 Re8 15. d4
e4 16. Nd2 Bg5 17. Qh5 Bxe3 18. fxe3 g6 19. Qh6 Qe7 20. c3 bxc3 21. bxc3 Nd8
22. Bc4 f5 23. Rab1 Kh8 24. Be2 Rf8 25. Rb2 Nf7 26. Qf4 g5 27. Qh2 Nh6 28. h4
gxh4 29. Rf4 h3 30. Qxh3 Ng8 31. a5 Rf6 32. Nf1 Rh6 33. Qg3 Nf6 34. c4 Bd7 35.
Rh4 Rg8 36. Rxh6 Rxg3 37. Nxg3 Kg7 38. Rh1 Qf7 39. Bh5 Nxh5 40. Nxh5+ Kf8 41.
Rb7 Qg6 42. Rxc7 Ba4 43. Kf2 h6 44. Nf4 1-0

[Event "Obro Nytaar 2017"]
[Site "Copenhagen"]
[Date "2017.12.27"]
[Round "1.4"]
[White "Petersen, Nils"]
[Black "Bromann, Thorbjorn"]
[Result "0-1"]
[WhiteElo "2004"]
[BlackElo "2385"]
[PlyCount "60"]
[EventDate "2017.12.27"]
[EventType "swiss"]
[EventRounds "7"]
[EventCountry "DEN"]

1. c4 e5 2. g3 Nc6 3. Nc3 d6 4. Bg2 Be6 5. d3 Qd7 6. e4 f5 7. b3 g6 8. Nge2 Bg7
9. O-O h5 10. h4 Nh6 11. Bd2 f4 12. gxf4 Qd8 13. f5 gxf5 14. Bg5 Qd7 15. exf5
Bxf5 16. Ng3 Bg4 17. f3 Be6 18. Nxh5 Nf5 19. Nxg7+ Qxg7 20. Kf2 Nxh4 21. Bxh4
Rxh4 22. Rh1 Qh6 23. Ne4 O-O-O 24. Qd2 Qxd2+ 25. Nxd2 Rd4 26. Bf1 Nb4 27. Ne4
Nxd3+ 28. Bxd3 Rxd3 29. Ke2 Rd4 30. Rh5 Rxe4+ 0-1

[Event "Obro Nytaar 2017"]
[Site "Copenhagen"]
[Date "2017.12.27"]
[Round "1.5"]
[White "Aabling Thomsen, Jakob"]
[Black "Kistrup, Nicolai"]
[Result "1/2-1/2"]
[WhiteElo "2359"]
[BlackElo "1996"]
[PlyCount "94"]
[EventDate "2017.12.27"]
[EventType "swiss"]
[EventRounds "7"]
[EventCountry "DEN"]

1. Nf3 c5 2. g3 g6 3. Bg2 Bg7 4. c4 Nc6 5. O-O e6 6. Nc3 Nge7 7. a3 O-O 8. b4
b6 9. Rb1 d6 10. e3 Bb7 11. d4 cxd4 12. exd4 Rc8 13. Bb2 Qc7 14. Re1 Rfd8 15.
Nb5 Qb8 16. d5 exd5 17. Bxg7 Kxg7 18. cxd5 Ne5 19. Qd4 f6 20. Nd2 a6 21. Nxd6
Rxd6 22. Rxe5 Nc6 23. dxc6 Rxd4 24. Re7+ Kf8 25. Rxb7 Qd6 26. Rd7 Qe5 27. Nf3
Qf5 28. Nxd4 Qxb1+ 29. Bf1 Qe4 30. Bxa6 Rxc6 31. Nxc6 Qxc6 32. Rxh7 b5 33. Bb7
Qc1+ 34. Kg2 Qxa3 35. Bc6 Qxb4 36. Rb7 Qd6 37. Bf3 b4 38. h4 f5 39. Rb5 Kg7 40.
h5 gxh5 41. Rxf5 b3 42. Rxh5 Qb6 43. Be4 b2 44. Rh7+ Kf8 45. Rh1 Qd4 46. Re1
Qd2 47. Re3 Qd4 1/2-1/2

[Event "Obro Nytaar 2017"]
[Site "Copenhagen"]
[Date "2017.12.27"]
[Round "1.6"]
[White "Slettebo, Jan"]
[Black "Christensen, Tobias "]
[Result "1-0"]
[WhiteElo "1991"]
[BlackElo "2357"]
[PlyCount "123"]
[EventDate "2017.12.27"]
[EventType "swiss"]
[EventRounds "7"]
[EventCountry "DEN"]

1. e4 g6 2. Bc4 e6 3. Nc3 Ne7 4. d4 d5 5. Be2 Bg7 6. Nf3 dxe4 7. Nxe4 f5 8. Nc5
b6 9. Nd3 c5 10. dxc5 bxc5 11. O-O Qb6 12. Be3 Nd7 13. b4 Nd5 14. bxc5 Nxe3 15.
cxb6 Nxd1 16. b7 Bxb7 17. Raxd1 e5 18. Ng5 Bf6 19. f4 Bxg5 20. fxg5 O-O-O 21.
c4 Rhe8 22. c5 Ba6 23. Rc1 Nf8 24. Nf4 Bxe2 25. Nxe2 Ne6 26. Nc3 a6 27. Rc2 Rd3
28. Na4 Kc7 29. Rb1 Red8 30. Rb6 Rd1+ 31. Kf2 Nxg5 32. Nc3 R1d3 33. Ke2 f4 34.
Rxa6 Re3+ 35. Kf1 Rdd3 36. Nb5+ Kd8 37. Rd6+ Rxd6 38. Nxd6 Kc7 39. c6 Ne6 40.
Nb5+ Kb6 41. c7 Nxc7 42. Nxc7 Rd3 43. Ne6 h6 44. Nc5 Rd5 45. Ne4 Rd4 46. Re2
Kc6 47. Ke1 g5 48. Nf6 Ra4 49. Kd1 Kd6 50. Ne4+ Ke7 51. Nc3 Ra5 52. Kc2 Ke6 53.
Kb3 g4 54. a4 Kf5 55. Kb4 Ra8 56. a5 f3 57. gxf3 gxf3 58. Re3 e4 59. Nxe4 Kf4
60. Re1 Re8 61. a6 f2 62. Nxf2 1-0

[Event "Obro Nytaar 2017"]
[Site "Copenhagen"]
[Date "2017.12.27"]
[Round "1.7"]
[White "Rostgaard, Tobias Valentin"]
[Black "Mortensen, Henrik"]
[Result "1-0"]
[WhiteElo "2335"]
[BlackElo "1968"]
[PlyCount "41"]
[EventDate "2017.12.27"]
[EventType "swiss"]
[EventRounds "7"]
[EventCountry "DEN"]

1. d4 Nf6 2. Bf4 d6 3. Nf3 g6 4. h3 Bg7 5. e3 O-O 6. Be2 c5 7. c3 b6 8. a4 Bb7
9. a5 Nbd7 10. O-O Nh5 11. Bh2 f5 12. Ng5 Rf6 13. a6 Bc8 14. Qb3+ Kh8 15. Nf7+
Rxf7 16. Qxf7 Nhf6 17. Qb3 Qe8 18. Na3 e5 19. Nb5 Qe7 20. Bf3 Rb8 21. Nxa7 1-0

[Event "Obro Nytaar 2017"]
[Site "Copenhagen"]
[Date "2017.12.27"]
[Round "1.8"]
[White "Nielsen, Morten Majlund"]
[Black "Haubro, Martin"]
[Result "0-1"]
[WhiteElo "1940"]
[BlackElo "2309"]
[PlyCount "123"]
[EventDate "2017.12.27"]
[EventType "swiss"]
[EventRounds "7"]
[EventCountry "DEN"]

1. d4 Nf6 2. c4 e6 3. Nc3 c5 4. e3 cxd4 5. exd4 d5 6. Nf3 Bb4 7. Bg5 O-O 8. Qb3
Nc6 9. Rd1 h6 10. Bh4 Re8 11. Be2 Be7 12. Qc2 b6 13. O-O Bb7 14. Bxf6 Bxf6 15.
cxd5 Nb4 16. Qb3 Nxd5 17. Bb5 Nxc3 18. bxc3 Bxf3 19. gxf3 Re7 20. d5 exd5 21.
Rxd5 Qc7 22. Rfd1 Qf4 23. Qc2 g6 24. Qd2 Qxf3 25. Rd3 Qg4+ 26. Rg3 Qh5 27. Bc6
Rc8 28. Bf3 Qe5 29. Qxh6 Bg7 30. Qh4 Rxc3 31. Rd8+ Re8 32. Bd5 Rc1+ 33. Kg2 Rc8
34. Re3 Qxe3 35. Rxc8 Qe5 36. Rxe8+ Qxe8 37. Qg3 Qd7 38. Qb8+ Kh7 39. Qb7 Qg4+
40. Kf1 f5 41. Bf3 Qc4+ 42. Kg2 Qxa2 43. Qe7 Qa4 44. h4 Qa1 45. h5 Qf6 46. Qxf6
Bxf6 47. hxg6+ Kxg6 48. Bc6 Bd4 49. Kf3 Kf6 50. Ke2 Ke5 51. Bd7 f4 52. f3 Kd5
53. Kd3 Kc5 54. Bc8 a5 55. Kc2 Kb4 56. Kb1 Bg7 57. Bd7 a4 58. Kc2 Bf6 59. Be8
Bh4 60. Kd3 Kb3 61. Bf7+ Kb2 62. Kd4 0-1

[Event "Obro Nytaar 2017"]
[Site "Copenhagen"]
[Date "2017.12.27"]
[Round "1.10"]
[White "Nielsen, Morten Davidsen"]
[Black "Jorgensen, Brian Jorgen"]
[Result "0-1"]
[WhiteElo "1935"]
[BlackElo "2239"]
[PlyCount "72"]
[EventDate "2017.12.27"]
[EventType "swiss"]
[EventRounds "7"]
[EventCountry "DEN"]

1. e4 e5 2. Bc4 Nf6 3. Nf3 Nc6 4. Ng5 d5 5. exd5 Na5 6. d3 h6 7. Nf3 e4 8. Qe2
Nxc4 9. dxc4 Bd6 10. h3 O-O 11. Nd4 Qe7 12. Be3 a6 13. Nc3 Bd7 14. O-O-O Bb4
15. Bd2 Rfe8 16. Rde1 Qd6 17. a3 Bc5 18. Be3 c6 19. dxc6 bxc6 20. Nb3 Bxe3+ 21.
Qxe3 Bf5 22. g4 Bg6 23. Rhg1 Qe6 24. Qe2 Nd7 25. c5 Qe5 26. Qe3 Qf6 27. Rd1 Ne5
28. Nd2 Nf3 29. Rg3 Rab8 30. Nxf3 exf3 31. Qxf3 Qg5+ 32. Kb1 Qxc5 33. Ka1 Bxc2
34. Rc1 Bg6 35. b4 Qg5 36. Rd1 Bc2 0-1

[Event "Obro Nytaar 2017"]
[Site "Copenhagen"]
[Date "2017.12.28"]
[Round "2.1"]
[White "Olsen, Peter Erik"]
[Black "Hector, Jonny"]
[Result "0-1"]
[WhiteElo "2154"]
[BlackElo "2493"]
[PlyCount "46"]
[EventDate "2017.12.27"]
[EventType "swiss"]
[EventRounds "7"]
[EventCountry "DEN"]

1. d4 d5 2. Bf4 c5 3. e3 Nc6 4. c3 Nf6 5. Nf3 Qb6 6. Qb3 c4 7. Qxb6 axb6 8. Be2
Bf5 9. O-O b5 10. a3 b4 11. Ne5 e6 12. g4 Nxe5 13. dxe5 Nxg4 14. e4 dxe4 15.
Bxc4 f6 16. cxb4 Bxb4 17. Ra2 Bc5 18. b4 Bd4 19. exf6 gxf6 20. Re2 Rg8 21. Bg3
e3 22. f3 Ne5 23. Bb5+ Ke7 0-1

[Event "Obro Nytaar 2017"]
[Site "Copenhagen"]
[Date "2017.12.28"]
[Round "2.2"]
[White "Haubro, Sigfred"]
[Black "Hansen, Mads"]
[Result "0-1"]
[WhiteElo "2153"]
[BlackElo "2391"]
[PlyCount "138"]
[EventDate "2017.12.27"]
[EventType "swiss"]
[EventRounds "7"]
[EventCountry "DEN"]

1. Nf3 c5 2. e3 Nf6 3. b3 b6 4. Bb2 Bb7 5. Be2 e6 6. O-O Be7 7. d4 O-O 8. c4 d5
9. cxd5 Nxd5 10. dxc5 Bxc5 11. Nc3 Nd7 12. Nxd5 Bxd5 13. Bd3 Qe7 14. Qe2 a5 15.
Bb5 Nf6 16. Rad1 Ne4 17. Ne5 Bd6 18. f3 Nc5 19. e4 Bb7 20. Nc4 Bc7 21. g3 Rfd8
22. Ba3 Qg5 23. Ne3 Rxd1 24. Rxd1 h5 25. Ng2 Rd8 26. Rxd8+ Qxd8 27. Bb2 Bd6 28.
Bc3 Qc7 29. Bd2 Nd7 30. Be3 Ne5 31. Qf2 Qc3 32. Nf4 Bc5 33. Bxc5 Nxf3+ 34. Kg2
Bxe4 35. Be3 Nd4+ 36. Kg1 Nxb5 37. Bxb6 g6 38. Qe2 Nd6 39. Ng2 Bxg2 40. Qxg2
Qa1+ 41. Qf1 Qxa2 42. Qd1 Nf5 43. Bc5 e5 44. Qd8+ Kh7 45. Qd5 Qa1+ 46. Kg2 Qb2+
47. Kg1 Kg7 48. Ba7 Qc3 49. Bf2 Ne7 50. Qd8 Nc6 51. Qc7 Qc1+ 52. Kg2 Qc2 53. h3
Qe4+ 54. Kg1 Qd5 55. g4 hxg4 56. hxg4 Nd4 57. Kh2 Nf3+ 58. Kg3 Qxb3 59. Kg2 Qd5
60. Kg3 Ng5 61. Kh2 a4 62. Qe7 Ne4 63. Be3 Nf6 64. Bc5 Nxg4+ 65. Kh3 Qf3+ 66.
Kh4 Nh6 67. Qxe5+ Kh7 68. Kg5 f6+ 69. Qxf6 Qg4# 0-1

[Event "Obro Nytaar 2017"]
[Site "Copenhagen"]
[Date "2017.12.28"]
[Round "2.3"]
[White "Bromann, Thorbjorn"]
[Black "Jacobsen, Mikkel Manosri"]
[Result "1/2-1/2"]
[WhiteElo "2385"]
[BlackElo "2154"]
[PlyCount "175"]
[EventDate "2017.12.27"]
[EventType "swiss"]
[EventRounds "7"]
[EventCountry "DEN"]

1. d4 Nf6 2. Bg5 d5 3. e3 Nbd7 4. Nf3 g6 5. c4 Bg7 6. Nc3 c6 7. cxd5 Nxd5 8.
Qb3 Nxc3 9. bxc3 O-O 10. Be2 Qe8 11. Qa3 c5 12. Bb5 f6 13. Bh4 Qf7 14. O-O c4
15. Bg3 a6 16. e4 Nb6 17. Qc5 axb5 18. Qxb6 Qe8 19. Rfb1 Bd7 20. Qxb7 Ra3 21.
Rc1 Bh6 22. Rc2 Bc6 23. Qb6 e5 24. Re1 Qa8 25. Rce2 Rb8 26. Qc7 Bf8 27. Nxe5
fxe5 28. Qxe5 Re8 29. Qf6 Bg7 30. Qd6 Rxc3 31. f3 Rd3 32. d5 Bb7 33. Qd7 Qc8
34. Qxb5 Ba6 35. Qa4 Bc3 36. Rb1 Bd4+ 37. Kh1 Ba7 38. d6 c3 39. Rc2 Kg7 40. h4
Rd8 41. Qa5 Bd4 42. e5 Bc4 43. Kh2 Rd7 44. a4 Be6 45. Qb4 Bf5 46. Rbc1 Rb7 47.
Qa5 Qd7 48. Bf2 Ra7 49. Bxd4 Rxd4 50. Qxc3 Rxh4+ 51. Kg3 Qxa4 52. e6+ Kh6 53.
Qe3+ g5 54. d7 Qd4 55. Qxd4 Rxd4 56. Rc8 Bxe6 57. d8=Q Rxd8 58. Rxd8 Kg7 59.
Rd6 Bf7 60. Rc5 Bg6 61. Rxg5 Ra1 62. Rc5 Ra7 63. Rcd5 Kh6 64. f4 Rf7 65. Kg4
Kg7 66. Rg5 h5+ 67. Kg3 Rf6 68. Rxf6 Kxf6 69. Kf3 Bf7 70. Ke3 Be8 71. g3 Bf7
72. Kd4 Be8 73. Ke4 Bf7 74. Rf5+ Kg6 75. Rc5 Be8 76. Ke5 Bf7 77. Rc6+ Kg7 78.
Kf5 Bb3 79. Kg5 Bd1 80. Rc7+ Kf8 81. Kf6 Ba4 82. Ra7 Bc6 83. Rc7 Be8 84. Rc8
Kg8 85. Rxe8+ Kh7 86. Re7+ Kh6 87. Rf7 h4 88. gxh4 1/2-1/2

[Event "Obro Nytaar 2017"]
[Site "Copenhagen"]
[Date "2017.12.28"]
[Round "2.4"]
[White "Andersen, Soren Mikkel"]
[Black "Rostgaard, Tobias Valentin"]
[Result "1-0"]
[WhiteElo "2116"]
[BlackElo "2335"]
[PlyCount "57"]
[EventDate "2017.12.27"]
[EventType "swiss"]
[EventRounds "7"]
[EventCountry "DEN"]

1. d4 Nf6 2. c4 e6 3. Nc3 Bb4 4. Qc2 O-O 5. a3 Bxc3+ 6. Qxc3 d5 7. Bg5 dxc4 8.
Qxc4 b6 9. Nf3 Ba6 10. Qa4 Qd5 11. Bxf6 gxf6 12. g3 Bc4 13. Rc1 b5 14. Qc2 f5
15. Bg2 Nc6 16. O-O Qd6 17. Ne5 Nxe5 18. dxe5 Qxe5 19. Bxa8 Rxa8 20. Rfe1 Bd5
21. Qc3 Qe4 22. f3 Qa4 23. Qe5 Rc8 24. e4 fxe4 25. fxe4 Bc4 26. Red1 Qa6 27.
Qg5+ Kf8 28. Rd7 Qb6+ 29. Kg2 1-0

[Event "Obro Nytaar 2017"]
[Site "Copenhagen"]
[Date "2017.12.28"]
[Round "2.5"]
[White "Haubro, Martin"]
[Black "Petersen, Martin Reib"]
[Result "1-0"]
[WhiteElo "2309"]
[BlackElo "2132"]
[PlyCount "55"]
[EventDate "2017.12.27"]
[EventType "swiss"]
[EventRounds "7"]
[EventCountry "DEN"]

1. e4 c6 2. d4 d5 3. exd5 cxd5 4. c4 Nf6 5. Nc3 e6 6. Nf3 Be7 7. cxd5 Nxd5 8.
Bd3 Nxc3 9. bxc3 Qa5 10. Bd2 Nd7 11. O-O O-O 12. Qc2 Qh5 13. Rfe1 Bd6 14. h3
Nf6 15. Bg5 h6 16. Bxf6 gxf6 17. Re4 f5 18. Rh4 Qg6 19. Rg4 fxg4 20. Bxg6 gxf3
21. g3 fxg6 22. Qxg6+ Kh8 23. Qxh6+ Kg8 24. Qg6+ Kh8 25. Re1 Bxg3 26. Re4 e5
27. Qxg3 Rg8 28. Rh4# 1-0

[Event "Obro Nytaar 2017"]
[Site "Copenhagen"]
[Date "2017.12.28"]
[Round "2.6"]
[White "Skonnord, Uno"]
[Black "Nielsen, Viktor Haarmark"]
[Result "0-1"]
[WhiteElo "2094"]
[BlackElo "2293"]
[PlyCount "117"]
[EventDate "2017.12.27"]
[EventType "swiss"]
[EventRounds "7"]
[EventCountry "DEN"]

1. e4 c5 2. Nf3 e6 3. d4 cxd4 4. Nxd4 Nc6 5. Be2 Qc7 6. Be3 a6 7. O-O Nf6 8.
Nd2 d5 9. Nxc6 bxc6 10. Bf3 Be7 11. c4 Bb7 12. Qc2 Bd6 13. h3 Be5 14. cxd5 cxd5
15. Qxc7 Bxc7 16. exd5 Bxd5 17. Bc5 Bxf3 18. Nxf3 Nd5 19. g3 f6 20. Rfe1 Kf7
21. Rac1 Rac8 22. Nd4 e5 23. Nf5 Rhd8 24. Red1 g6 25. Ne3 Nxe3 26. Bxe3 Rxd1+
27. Rxd1 Ke6 28. Rc1 Kd7 29. Kf1 Rb8 30. b3 Bb6 31. Ke2 Kd6 32. Bxb6 Rxb6 33.
Kd3 h5 34. Rc8 Kd5 35. Rc4 Rd6 36. a3 f5 37. b4 e4+ 38. Kc3 Ke6 39. Rd4 Rc6+
40. Rc4 Rd6 41. Rd4 Rb6 42. a4 h4 43. Rc4 Rd6 44. gxh4 Rd3+ 45. Kc2 Rf3 46.
Rc6+ Kd5 47. Rxa6 Rxf2+ 48. Kc3 e3 49. b5 Ra2 50. Ra8 e2 51. Re8 f4 52. b6 Kc6
53. Re6+ Kb7 54. a5 f3 55. Re7+ Ka6 56. Ra7+ Kb5 57. Re7 f2 58. Rxe2 Rxe2 59.
Kd4 0-1

[Event "Obro Nytaar 2017"]
[Site "Copenhagen"]
[Date "2017.12.28"]
[Round "2.7"]
[White "Jorgensen, Brian Jorgen"]
[Black "Porte, Henrik"]
[Result "1/2-1/2"]
[WhiteElo "2239"]
[BlackElo "2115"]
[PlyCount "65"]
[EventDate "2017.12.27"]
[EventType "swiss"]
[EventRounds "7"]
[EventCountry "DEN"]

1. d4 d5 2. c4 e6 3. Nc3 c5 4. cxd5 exd5 5. Nf3 Nc6 6. g3 Nf6 7. Bg2 Be7 8. O-O
O-O 9. Bg5 c4 10. Ne5 Be6 11. Nxc6 bxc6 12. b3 h6 13. Bd2 cxb3 14. axb3 Qd7 15.
Na4 Bh3 16. Qc2 Bxg2 17. Kxg2 Ne4 18. Bf4 Bf6 19. Rac1 Rac8 20. f3 Ng5 21. Bxg5
Bxg5 22. Nc5 Qe7 23. f4 Bf6 24. Qd3 Rfe8 25. Rc2 Rc7 26. Rf3 Qd8 27. e3 Rce7
28. Re2 Qb6 29. Re1 Qb4 30. Rd1 Qa5 31. Rdf1 Qa2+ 32. R1f2 Qa5 33. Re2 1/2-1/2

[Event "Obro Nytaar 2017"]
[Site "Copenhagen"]
[Date "2017.12.28"]
[Round "2.8"]
[White "Moe, Mogens"]
[Black "Thybo, Thomas Sondergaard"]
[Result "1/2-1/2"]
[WhiteElo "2227"]
[BlackElo "2088"]
[PlyCount "65"]
[EventDate "2017.12.27"]
[EventType "swiss"]
[EventRounds "7"]
[EventCountry "DEN"]

1. e4 c6 2. d4 d5 3. exd5 cxd5 4. c4 Nf6 5. Nc3 Nc6 6. Bg5 Be6 7. c5 Ne4 8. Be3
g6 9. Bd3 Nxc3 10. bxc3 Bg7 11. Ne2 Qd7 12. O-O O-O 13. Rb1 Na5 14. Bb5 Qd8 15.
Rb4 b6 16. cxb6 axb6 17. Nf4 Bf5 18. g4 Bc8 19. Qf3 Bb7 20. Rd1 e6 21. Nd3 Ba6
22. Bxa6 Rxa6 23. Ra4 Qc8 24. Nb4 Ra8 25. Bf4 Nc4 26. Rxa8 Qxa8 27. Qh3 Rc8 28.
Rd3 Nb2 29. Rf3 Na4 30. Be5 Bxe5 31. dxe5 Qb7 32. Qh4 Rxc3 33. Qd8+ 1/2-1/2

[Event "Obro Nytaar 2017"]
[Site "Copenhagen"]
[Date "2017.12.28"]
[Round "2.9"]
[White "Brondt, Nicolai Kvist"]
[Black "Vesterli, Michael E"]
[Result "0-1"]
[WhiteElo "2183"]
[BlackElo "2079"]
[PlyCount "80"]
[EventDate "2017.12.27"]
[EventType "swiss"]
[EventRounds "7"]
[EventCountry "DEN"]

1. d4 Nf6 2. Nf3 g6 3. c4 Bg7 4. Nc3 O-O 5. Bg5 d6 6. e3 Nbd7 7. Be2 e5 8. O-O
c6 9. Qc2 Re8 10. Rfd1 Qa5 11. Bh4 h5 12. Rab1 Nf8 13. b4 Qc7 14. Bg3 e4 15.
Nd2 Qe7 16. b5 g5 17. bxc6 bxc6 18. h4 Bf5 19. Qa4 Rac8 20. Qa5 c5 21. hxg5 Ng4
22. Nd5 Qxg5 23. dxc5 Rxc5 24. Rb5 Be5 25. Bxe5 Rxb5 26. Qxb5 Rxe5 27. Qb8 h4
28. Qxd6 Ng6 29. Bxg4 Bxg4 30. Nxe4 Qf5 31. Nef6+ Kg7 32. Nxg4 Qxg4 33. f3 Qg3
34. Nf4 Rg5 35. Qd4+ Kh7 36. Qd2 h3 37. Nxg6 Rxg6 38. Qe2 hxg2 39. Rd7 Qh3 40.
Rxf7+ Kg8 0-1

[Event "Obro Nytaar 2017"]
[Site "Copenhagen"]
[Date "2017.12.28"]
[Round "2.10"]
[White "Kragh, Niels Kristian"]
[Black "Thuesen, Mogens Henrik"]
[Result "1/2-1/2"]
[WhiteElo "2083"]
[BlackElo "2180"]
[PlyCount "56"]
[EventDate "2017.12.27"]
[EventType "swiss"]
[EventRounds "7"]
[EventCountry "DEN"]

1. e4 e6 2. d4 d5 3. Nd2 c5 4. exd5 exd5 5. Ngf3 Nc6 6. Bb5 Bd6 7. dxc5 Bxc5 8.
O-O Nf6 9. Nb3 Be7 10. Nbd4 Bd7 11. h3 O-O 12. Bd3 Re8 13. Re1 Rc8 14. c3 Na5
15. Ne5 Bd6 16. Nxd7 Rxe1+ 17. Qxe1 Qxd7 18. Qe2 Nc6 19. Be3 Re8 20. Qc2 Bb8
21. Rd1 Qd6 22. Nf3 Ne5 23. Nxe5 Qxe5 24. g3 Qe6 25. Bf5 Qa6 26. Bd3 Qe6 27.
Bf5 Qa6 28. Bd3 Qe6 1/2-1/2

[Event "Obro Nytaar 2017"]
[Site "Copenhagen"]
[Date "2017.12.28"]
[Round "3.1"]
[White "Hector, Jonny"]
[Black "Brorsen, Jacob Abildlund"]
[Result "1-0"]
[WhiteElo "2493"]
[BlackElo "2167"]
[PlyCount "43"]
[EventDate "2017.12.27"]
[EventType "swiss"]
[EventRounds "7"]
[EventCountry "DEN"]

1. e4 e5 2. Nf3 Nc6 3. Bc4 Bc5 4. O-O Nf6 5. d3 O-O 6. Bb3 d6 7. c3 Bb6 8. a4
a6 9. Be3 Bxe3 10. fxe3 d5 11. exd5 Nxd5 12. Qe2 Be6 13. Nbd2 Qe7 14. Rae1 Rad8
15. d4 Bg4 16. Qf2 Nb6 17. Qg3 Bxf3 18. Nxf3 Rde8 19. Ng5 Nd8 20. Rf5 h6 21.
Rxe5 Qd7 22. Ne4 1-0

[Event "Obro Nytaar 2017"]
[Site "Copenhagen"]
[Date "2017.12.28"]
[Round "3.3"]
[White "Johansson, Thomas"]
[Black "Haubro, Martin"]
[Result "1-0"]
[WhiteElo "2160"]
[BlackElo "2309"]
[PlyCount "71"]
[EventDate "2017.12.27"]
[EventType "swiss"]
[EventRounds "7"]
[EventCountry "DEN"]

1. d4 Nf6 2. Bf4 c5 3. e3 d5 4. c3 Nbd7 5. Nd2 g6 6. h3 Bg7 7. Ngf3 O-O 8. Be2
a5 9. a4 b6 10. O-O Bb7 11. Ne5 Ne8 12. Bb5 Nxe5 13. dxe5 Nc7 14. Bd3 Qd7 15.
Bg3 Rad8 16. Re1 f6 17. exf6 exf6 18. Bf1 Kh8 19. Qb3 Qc6 20. e4 f5 21. exf5
Rxf5 22. Re7 Rd7 23. Rxd7 Qxd7 24. Qxb6 Ne6 25. Re1 Bc8 26. Bb5 Qf7 27. Bd3 Rf6
28. Nf3 Qg8 29. Be5 Rxf3 30. Bxg7+ Kxg7 31. gxf3 Ng5 32. Qc7+ Nf7 33. Re7 Bxh3
34. Qe5+ Kh6 35. Qxd5 Kg7 36. Bc4 1-0

[Event "Obro Nytaar 2017"]
[Site "Copenhagen"]
[Date "2017.12.28"]
[Round "3.4"]
[White "Nielsen, Viktor Haarmark"]
[Black "Vesterli, Michael E"]
[Result "1/2-1/2"]
[WhiteElo "2293"]
[BlackElo "2079"]
[PlyCount "104"]
[EventDate "2017.12.27"]
[EventType "swiss"]
[EventRounds "7"]
[EventCountry "DEN"]

1. e4 c5 2. Nf3 e6 3. d4 cxd4 4. Nxd4 a6 5. c4 Nf6 6. Nc3 Bb4 7. Qd3 Nc6 8.
Nxc6 dxc6 9. e5 Nd7 10. Bf4 Qa5 11. Qe3 Nc5 12. Rc1 Bxc3+ 13. Qxc3 Qxa2 14. b4
Na4 15. Qg3 Bd7 16. Qxg7 O-O-O 17. Qg3 a5 18. bxa5 Nc5 19. Qc3 Ne4 20. Qc2
Qxa5+ 21. Ke2 f5 22. f3 Nc5 23. Qc3 Qxc3 24. Rxc3 Kc7 25. Be3 Na6 26. Bg5 Ra8
27. Be7 b6 28. g4 fxg4 29. fxg4 c5 30. Bg2 Bc6 31. Bxc6 Kxc6 32. Rd3 Nb4 33.
Rd6+ Kc7 34. Rhd1 Nc6 35. Bf6 Rhg8 36. Rd7+ Kc8 37. Rxh7 Nd4+ 38. Rxd4 cxd4 39.
g5 Ra5 40. Kd3 b5 41. cxb5 Rxb5 42. h4 Kb8 43. h5 Rb3+ 44. Kxd4 Rc8 45. Rd7
Rb4+ 46. Ke3 Rh4 47. h6 Rc3+ 48. Kd2 Ra3 49. Kc2 Rh2+ 50. Kb1 Rb3+ 51. Kc1 Rc3+
52. Kb1 Rb3+ 1/2-1/2

[Event "Obro Nytaar 2017"]
[Site "Copenhagen"]
[Date "2017.12.28"]
[Round "3.5"]
[White "Jacobsen, Mikkel Manosri"]
[Black "Antonsen, Mikkel"]
[Result "0-1"]
[WhiteElo "2154"]
[BlackElo "2450"]
[PlyCount "58"]
[EventDate "2017.12.27"]
[EventType "swiss"]
[EventRounds "7"]
[EventCountry "DEN"]

1. d4 d5 2. Bf4 e6 3. e3 Nf6 4. Nf3 c5 5. c3 Nc6 6. Nbd2 cxd4 7. exd4 Nh5 8.
Be3 Bd6 9. g3 O-O 10. Bg2 f5 11. Ne5 f4 12. Nxc6 bxc6 13. Qxh5 fxe3 14. fxe3
Rb8 15. b4 a5 16. a3 Ra8 17. Rc1 axb4 18. axb4 g6 19. Qh6 e5 20. dxe5 Bxe5 21.
Rf1 Rxf1+ 22. Kxf1 Bxc3 23. Nf3 Qf6 24. Kg1 Bxb4 25. Nd4 Bd7 26. Rf1 Qe7 27.
Kh1 Re8 28. e4 dxe4 29. Rf4 Bd2 0-1

[Event "Obro Nytaar 2017"]
[Site "Copenhagen"]
[Date "2017.12.28"]
[Round "3.6"]
[White "Porte, Henrik"]
[Black "Bromann, Thorbjorn"]
[Result "0-1"]
[WhiteElo "2115"]
[BlackElo "2385"]
[PlyCount "66"]
[EventDate "2017.12.27"]
[EventType "swiss"]
[EventRounds "7"]
[EventCountry "DEN"]

1. d4 g6 2. c4 Bg7 3. Nc3 d6 4. Nf3 Bg4 5. e3 e5 6. Be2 Nc6 7. h3 Bd7 8. a3 a5
9. b3 f5 10. Bb2 e4 11. Nd2 Nf6 12. c5 d5 13. b4 axb4 14. axb4 Rxa1 15. Bxa1
O-O 16. Qb3 Kh8 17. b5 Ne7 18. Qb4 g5 19. Nb3 f4 20. Bb2 fxe3 21. fxe3 Nf5 22.
Kd2 Ng3 23. Re1 g4 24. hxg4 Bxg4 25. Nc1 Bh6 26. Nd1 Qd7 27. c6 bxc6 28. bxc6
Qxc6 29. Qc5 Qd7 30. Ba3 Nf5 31. Bb5 Qf7 32. Ne2 Ra8 33. Bc6 Bf8 0-1